00297nam a22001097a 4500020001800000040000900018082001400027100002200041245005600063260004300119650002500162 a0000000540001 cNUST a910.4 RAH aRahi, Fazal Rabi aManzil Ba Manzil: bEurope Aur Dubai Kay Safarnamay aLahore:b Al-Mezaan Publishers,c2015. aUrdu Adab Safarnamay